00424nam a2200109Ia 4500008004100000050002300041100002500064245010700089260008600196300002000282521001200302140724s9999 xx 000 0 und d aRC 495b.D275 2008 aDayleg, Kevin Anton. 4aThe effect of classical music on test-anxiety among second year nursing student /cKevin Anton Dayleg. aLas Piñas, Philippines :bSouthville International School and Colleges,cc2008. a81 p. :c28 cm. aNursing